The living treasures of Japan

This book which portrays some " living national treasures" the masters of traditional Japanese handicrafts and their works, from a new angle, was commissioned by mobil to describe the traditional crafts as they exist in modern Japan. As one of those consulted from the start of the project.

Wedi'i Gadw mewn:
Manylion Llyfryddiaeth
Fformat: Llyfr
Iaith:Undetermined
Cyhoeddwyd: 1973
Pynciau:
Tagiau: Ychwanegu Tag
Dim Tagiau, Byddwch y cyntaf i dagio'r cofnod hwn!
Thư viện lưu trữ: Trung tâm Học liệu Trường Đại học Cần Thơ
LEADER 00726nam a2200169Ia 4500
001 CTU_107687
008 210402s9999 xx 000 0 und d
082 |a 745.5 
082 |b L785 
245 4 |a The living treasures of Japan 
260 |c 1973 
520 |a This book which portrays some " living national treasures" the masters of traditional Japanese handicrafts and their works, from a new angle, was commissioned by mobil to describe the traditional crafts as they exist in modern Japan. As one of those consulted from the start of the project. 
650 |a Decorative arts,Handicraft,Artists 
650 |x Japan 
650 |z Japan,Japan 
904 |i M.Loan 
980 |a Trung tâm Học liệu Trường Đại học Cần Thơ